Human rights : (Record no. 65971)

MARC details
000 -LEADER
fixed length control field 00543nam a22001577a 4500
005 - DATE AND TIME OF LATEST TRANSACTION
control field 20120502120841.0
020 ## - INTERNATIONAL STANDARD BOOK NUMBER
International Standard Book Number 8178350114
Terms of availability 00.00
035 ## - SYSTEM CONTROL NUMBER
System control number B-35182
037 ## - SOURCE OF ACQUISITION
Stock number DPL
Source of stock number/acquisition ENG
245 ## - TITLE STATEMENT
Title Human rights :
Remainder of title Global issues /
Statement of responsibility, etc edited by Pramod Mishra
260 ## - PUBLICATION, DISTRIBUTION, ETC. (IMPRINT)
Place of publication, distribution, etc Delhi
Name of publisher, distributor, etc Kalpaz Publications
Date of publication, distribution, etc 2000
300 ## - PHYSICAL DESCRIPTION
Extent vii, 389p.
Dimensions 20 cms.
700 ## - ADDED ENTRY--PERSONAL NAME
Personal name Mishra, Pramod
9 (RLIN) 46197
942 ## - ADDED ENTRY ELEMENTS (KOHA)
Source of classification or shelving scheme Dewey Decimal Classification
Item type English Books
Classification part 323
Call number suffix HUM
Holdings
Withdrawn status Lost status Not for loan Collection code Home library Current library Date acquired Cost, normal purchase price Full call number Barcode Cost, replacement price Koha item type
      Non-fiction Sarojini Nagar Sarojini Nagar 02/05/2012 0.00 323 HUM B-35182 0.00 English Books

© Delhi Public Library
Hit Counter
free hit counter